| 000 | 00870cam a2200229u 4500 | ||
|---|---|---|---|
| 001 | 000010639 | ||
| 005 | 20200929162249.0 | ||
| 008 | 840920s1945 ag cf 000 0bspa | ||
| 010 | _a47027952 | ||
| 040 |
_aDO-SdBNP _cCarP _dDLC |
||
| 050 | 0 | 0 |
_aNB553.R7 _bF78 |
| 100 | 1 |
_aFrisch, Victor, _d1876?-1939. [from old catalog] _925742 |
|
| 240 | 0 | 0 | _aAuguste Rodin, a biography. Spanish. [from old catalog] |
| 245 | 0 | 3 | _aLa vida y el arte de Auguste Rodin,. |
| 260 |
_aBuenos Aires, : _bEditorial Poseidon, _c[1945]. |
||
| 300 |
_a526 p. : _bplates, ports. ; _c24 cm. |
||
| 600 | 1 | 0 |
_aRodin, Auguste, _d1840-1917. _925743 |
| 700 | 1 |
_aShipley, Joseph Twadell, _d1893- _ejoint author. _925744 |
|
| 700 | 1 |
_aJordana, Cesar Augusto, _d1893- [from old catalog] _etr. _925745 |
|
| 830 | 0 |
_aColeccion Vidas y obras. [from old catalog] _925746 |
|
| 910 | _aCatalogación por copia / LC | ||
| 999 |
_c10397 _d10397 |
||